Encounters in magnetic resonances : selected papers of Nicolaas Bloembergen (with commentary)
This book presents a selection of papers, written by Nicolaas Bloembergen and his associates during the years 1946-1962, on the subjects of nuclear magnetic relaxation, paramagnetic relaxation and masers, and magnetic resonance spectroscopy of solids. The volume begins with autobiographical notes to...
Đã lưu trong:
| 格式: | 圖書 |
|---|---|
| 語言: | Undetermined |
| 出版: |
Singapore
World Scientific
1996
|
| 主題: | |
| 標簽: |
添加標簽
沒有標簽, 成為第一個標記此記錄!
|
| Thư viện lưu trữ: | Trung tâm Học liệu Trường Đại học Cần Thơ |
|---|
| LEADER | 01173nam a2200205Ia 4500 | ||
|---|---|---|---|
| 001 | CTU_210056 | ||
| 008 | 210402s9999 xx 000 0 und d | ||
| 020 | |c 49.60 | ||
| 082 | |a 538.36 | ||
| 082 | |b E56 | ||
| 245 | 0 | |a Encounters in magnetic resonances : | |
| 245 | 0 | |b selected papers of Nicolaas Bloembergen (with commentary) | |
| 245 | 0 | |c Editor, Nicolaas Bloembergen | |
| 260 | |a Singapore | ||
| 260 | |b World Scientific | ||
| 260 | |c 1996 | ||
| 520 | |a This book presents a selection of papers, written by Nicolaas Bloembergen and his associates during the years 1946-1962, on the subjects of nuclear magnetic relaxation, paramagnetic relaxation and masers, and magnetic resonance spectroscopy of solids. The volume begins with autobiographical notes to provide a personal historical background. Each paper is preceded by commentary with additional information regarding the early development of magnetic resonance in condensed matter. | ||
| 650 | |a Nuclear magnetic resonance,Electron paramagnetic resonance,Cộng hưởng từ hạt nhân,Công hưởng từ Electron | ||
| 904 | |i Qhieu | ||
| 980 | |a Trung tâm Học liệu Trường Đại học Cần Thơ | ||